Statistiques concernant 📖 150 premiers mots "Dernier jour d'un condamné" Victor Hugo

Cliquez ici pour prendre le quiz!

Statistiques générales

  • Ce quiz a Ă©tĂ© pris 40 fois
  • Le rĂ©sultat moyen est 63 sur 150

Statistiques - réponses

Mots% Correct
Ă 
97%
a
97%
la
97%
C'
94%
j'
91%
d'
88%
et
88%
il
88%
Il
88%
s'
88%
ce
79%
de
79%
Je
79%
je...
79%
les
79%
un
79%
me
73%
des
70%
car
67%
mon
67%
Mon
67%
sa
64%
BicĂŞtre.
61%
elle,
61%
qu'
61%
jour,
58%
que
58%
Condamné
55%
Ă©tais
55%
mort !
52%
son
52%
y
52%
avec
48%
cette
48%
Ă©tait
48%
comme
42%
dans
42%
homme.
42%
homme
42%
sans
42%
sous
33%
autre
30%
heure,
30%
semble
30%
vie.
30%
avait
27%
jeune
27%
années
24%
après
21%
Ă©taient
21%
filles
21%
filles,
21%
nuit
21%
autres,
18%
encore
18%
jeunes
18%
minute
18%
puis
18%
toujours
18%
VoilĂ 
18%
esprit,
15%
Chaque
12%
chaque
12%
fin,
12%
pensée,
12%
plein
12%
unes
12%
bras
9%
cinq
9%
idée.
9%
ordre
9%
pouvais
9%
semaines,
9%
semaines
9%
seul
9%
lumière,
6%
penser
6%
plutĂ´t
6%
poids !
6%
amusait
3%
arabesques
3%
Autrefois,
3%
batailles
3%
brodant
3%
bruit
3%
chapes
3%
courbé
3%
dérouler
3%
Ă©toffe
3%
Ă©vĂŞque,
3%
fantaisies.
3%
fĂŞte
3%
gagnées,
3%
glacé
3%
habite
3%
imagination.
3%
inépuisables
3%
larges
3%
marronniers.
3%
mince
3%
pleins
3%
présence,
3%
promenades
3%
riche,
3%
rude
3%
sombres
3%
splendides
3%
théâtres
3%

Distribution des résultats

Percentile par nombre de réponses

% des personnes avec chaque résultat

Votre développement - résultats

Vous n’avez pas pris ce quiz